00872nam a2200265 a 4500001001400000003000400014005001700018008004100035020002800076040002900104082001600133100003200149245007100181264005800252264001200310300003000322336002100352337002500373338002300398490005500421504002400476650003100500650002000531830005500551vtls000659392PNM20180728150115.0111025s2012 my a d | 000 0 may  a9789673910762 (jil.4) : aBNMcPNMbengdPPAKerda04a305.2352230 aAishah Aziz,d1983-4Author10aLAMAN SOSIAL :bKEGILAAN REMAJA MASA KINI.nJILID 4 /cAISHAH AZIZ 1aSeri Kembangan, Selangor :bPenerbitan Premier,c2012 4c© 2012 aiv, 44ms. :bil. ;c30cm. 2rdacontentatext 2rdamediaaunmediated 2rdacarrieravolume1 aSIRI KEUNGGULAN SIVIK PEMANGKIN GENERASI CEMERLANG aBibliografi: ms. 4410aTeenagersxConduct of life20aSocial networks 0aSiri keunggulan sivik pemangkin generasi cemerlang